|
|
|
|
| LEADER |
01393nam a22003617a 4500 |
| 001 |
38990 |
| 003 |
BD-DhAAL |
| 008 |
220622t2004 nyua|||| b||| 001 0 eng d |
| 999 |
|
|
|c 44435
|d 44435
|
| 020 |
|
|
|a 9780387974958
|
| 020 |
|
|
|a 0387974954
|
| 040 |
|
|
|a BD-DhAAL
|c BD-DhAAL
|
| 082 |
|
|
|a 512.2
|
| 100 |
|
|
|a Fulton, William,
|d 1939-
|9 49578
|
| 245 |
|
|
|a Representation theory :
|b a first course /
|c William Fulton and Joe Harris.
|
| 260 |
|
|
|a New York, NY :
|b Springer,
|c c2004.
|
| 300 |
|
|
|a xv, 551 pages :
|b illustrations ;
|c 23 cm.
|
| 490 |
|
|
|a Graduate texts in mathematics ;
|v 129
|
| 490 |
|
|
|a Readings in mathematics.
|
| 504 |
|
|
|a Includes bibliographical references (pages [536]-541) and index.
|
| 526 |
|
|
|a MNS
|
| 541 |
|
|
|a Book Finder International
|e 38990
|
| 650 |
|
|
|a Representations of groups.
|9 49579
|
| 650 |
|
|
|a Representations of algebras.
|9 49580
|
| 650 |
|
|
|a Mathematics.
|9 49581
|
| 650 |
|
|
|a Lie groups.
|9 49582
|
| 650 |
|
|
|a Lie algebras.
|9 49583
|
| 700 |
|
|
|a Harris, Joe.
|9 49584
|
| 830 |
|
|
|a Graduate texts in mathematics ; 129
|9 49585
|
| 830 |
|
|
|a Readings in mathematics.
|9 49586
|
| 852 |
|
|
|a Ayesha Abed Library
|c General Stacks
|
| 942 |
|
|
|2 ddc
|c BK
|
| 952 |
|
|
|0 0
|1 0
|2 ddc
|4 0
|6 512_200000000000000_FUL
|7 0
|9 71066
|a BRACUL
|b BRACUL
|c GEN
|d 2022-06-19
|e Book Finder International
|g 4187.80
|l 2
|m 12
|o 512.2 FUL
|p 3010038990
|r 2024-10-23
|s 2024-06-02
|t 1
|v 4187.80
|w 2022-06-19
|y BK
|